000 00295nam a22001337a 4500
008 181203b xxu||||| |||| 00| 0 eng d
020 _a9780201627695
041 _aeng
080 _a004
100 _a26
101 _aSHK
245 _aHuman-Computer Interaction
_cPreece,J
942 _2udc
_cBK
999 _c52736
_d52736